| 000 | 00332nam a2200109Ia 4500 | ||
|---|---|---|---|
| 008 | 171204s9999 xx 000 0 und d | ||
| 245 | _aFemale Masochism in Film: Sexuality, Ethics and Aesthetics: | ||
| 245 | _cRuth McPhee | ||
| 260 | _c2014 | ||
| 650 | _xINTRODUCTION TO FILM | ||
| 856 | _uhttp://down.ebook777.com/038/1472413164.pdf | ||
| 999 |
_c346087 _d346087 |
||